[Event "Guernsey Open XXIX"]
[Site "St Peter Port GCI"]
[Date "2003.10.25"]
[Round "7"]
[White "Webster, Andrew"]
[Black "Bellin, Robert"]
[Result "0-1"]
[WhiteElo "2415"]
[BlackElo "2360"]
[PlyCount "60"]
[EventDate "2003.10.19"]

1. Nf3 e6 2. g3 f5 3. Bg2 Nf6 4. O-O Be7 5. c4 O-O 6. Nc3 Qe8 7. d3 d6 8. e4
fxe4 9. dxe4 Nc6 10. Nb5 Bd8 11. e5 dxe5 12. Be3 a6 13. Nc3 Be7 14. Re1 Bd7 15.
a3 Rd8 16. b4 Bc8 17. Qb1 Ng4 18. Qe4 Nf6 19. Qb1 Ng4 20. Ra2 Nd4 21. Nxe5 Nxe5
22. Bxd4 Rxd4 23. Rxe5 Rxc4 24. Qd3 b5 25. Bd5 exd5 26. Nxd5 Rc1+ 27. Kg2 Bb7
28. Rae2 Qf7 29. Rxe7 Bxd5+ 30. Kh3 Qh5# 0-1

[Event "Guernsey Open XXIX"]
[Site "St Peter Port GCI"]
[Date "2003.10.25"]
[Round "7"]
[White "Wismayer, Clive R"]
[Black "Van Herck, Marcel"]
[Result "0-1"]
[WhiteElo "2088"]
[BlackElo "2215"]
[PlyCount "52"]
[EventDate "2003.10.19"]

1. e4 c6 2. d4 d5 3. e5 Bf5 4. Nf3 e6 5. Be2 Nd7 6. O-O Ne7 7. Nh4 c5 8. c3
Bxb1 9. Rxb1 Nc6 10. Nf3 Be7 11. b4 cxd4 12. cxd4 a6 13. Bd2 b5 14. a4 Qb6 15.
a5 Qa7 16. Bc3 Rc8 17. Qd3 O-O 18. Bd1 Qc7 19. Bd2 f6 20. Bc2 g6 21. exf6 Bxb4
22. Ng5 Rxf6 23. Rxb4 Nxb4 24. Qh3 Nf8 25. Bxb4 Qxc2 26. Bxf8 Qxf2+ 0-1

[Event "Guernsey Open XXIX"]
[Site "St Peter Port GCI"]
[Date "2003.10.25"]
[Round "7"]
[White "Gwaze, Robert"]
[Black "Ballon, Guenther Jan"]
[Result "1-0"]
[WhiteElo "2340"]
[BlackElo "2215"]
[PlyCount "47"]
[EventDate "2003.10.19"]

1. e4 e5 2. Nf3 Nc6 3. Bc4 Bc5 4. c3 Nf6 5. d3 d6 6. O-O a6 7. Bb3 O-O 8. Re1
Ba7 9. h3 Qe7 10. Bc2 Nd8 11. d4 c6 12. Nbd2 Re8 13. Nc4 exd4 14. Bf4 dxc3 15.
Nxd6 cxb2 16. Rb1 Ne6 17. Nxe8 Nxf4 18. Nxf6+ Qxf6 19. e5 Qe7 20. Qd6 Nd5 21.
Rxb2 h6 22. Be4 Bc5 23. Qxe7 Nxe7 24. Rd1 1-0

[Event "Guernsey Open XXIX"]
[Site "St Peter Port GCI"]
[Date "2003.10.25"]
[Round "7"]
[White "Rosen, Daniel B"]
[Black "Burrows, M.."]
[Result "0-1"]
[WhiteElo "2201"]
[BlackElo "2196"]
[PlyCount "88"]
[EventDate "2003.10.19"]

1. e4 c5 2. Nc3 Nc6 3. f4 g6 4. Nf3 Bg7 5. Bb5 Nd4 6. O-O a6 7. Be2 e6 8. Nxd4
cxd4 9. Nb1 Ne7 10. c4 b5 11. cxb5 Qb6 12. d3 axb5 13. Na3 Bb7 14. Qb3 Bc6 15.
Bd2 f5 16. Bf3 O-O 17. Bb4 fxe4 18. Bxe4 Rf7 19. Bxe7 Rxe7 20. Bxc6 dxc6 21.
Rae1 Rae8 22. Nc4 Qc7 23. Nd2 Kh8 24. Ne4 Bh6 25. g3 e5 26. Nf6 Rf8 27. Ng4 Bg7
28. fxe5 Rxf1+ 29. Rxf1 h5 30. Nf6 Qc8 31. Qb4 Rxe5 32. Qxd4 Re6 33. Qh4 Qd8
34. Ne4 Qd4+ 35. Kg2 Qxd3 36. Nf2 Qd5+ 37. Kg1 Bd4 38. Qf4 Rf6 39. Qd2 Kg7 40.
b3 c5 41. Qe2 c4 42. bxc4 bxc4 43. Qd2 c3 44. Qc2 Qc5 0-1

[Event "Guernsey Open XXIX"]
[Site "St Peter Port GCI"]
[Date "2003.10.25"]
[Round "7"]
[White "Thurlow, Kevin J"]
[Black "Havenaar, Jan"]
[Result "1/2-1/2"]
[WhiteElo "2203"]
[BlackElo "2218"]
[PlyCount "32"]
[EventDate "2003.10.19"]

1. e4 c5 2. Nf3 Nf6 3. e5 Nd5 4. Nc3 Nxc3 5. dxc3 Nc6 6. Bf4 Qc7 7. Qd2 e6 8.
O-O-O b6 9. Bd3 Bb7 10. Be4 h6 11. h4 g6 12. Rhe1 O-O-O 13. g4 Na5 14. Bxb7+
Nxb7 15. Qe3 Qc6 16. Qe4 Qxe4 1/2-1/2

[Event "Guernsey Open XXIX"]
[Site "St Peter Port GCI"]
[Date "2003.10.25"]
[Round "7"]
[White "Dorrington, Christopher"]
[Black "Ellison, Derek George"]
[Result "1-0"]
[WhiteElo "2218"]
[BlackElo "2116"]
[PlyCount "37"]
[EventDate "2003.10.19"]

1. e4 c5 2. Nc3 Nc6 3. f4 d6 4. Nf3 g6 5. Bc4 Bg7 6. O-O e6 7. d3 Nge7 8. Qe1
O-O 9. Qh4 Na5 10. f5 exf5 11. Bg5 Nxc4 12. Bxe7 Qd7 13. Bxf8 Kxf8 14. dxc4 Qe7
15. Qxe7+ Kxe7 16. Rae1 Kf8 17. Rd1 fxe4 18. Nxe4 Bxb2 19. Nxd6 1-0

[Event "Guernsey Open XXIX"]
[Site "St Peter Port GCI"]
[Date "2003.10.25"]
[Round "7"]
[White "Ponter, Ian"]
[Black "Ippel, Cornelius J"]
[Result "1/2-1/2"]
[WhiteElo "2103"]
[BlackElo "2108"]
[PlyCount "146"]
[EventDate "2003.10.19"]

1. e4 e6 2. d4 d5 3. Nc3 Bb4 4. a3 Bxc3+ 5. bxc3 dxe4 6. Qg4 Nf6 7. Qxg7 Rg8 8.
Qh6 Rg6 9. Qd2 Bd7 10. Ne2 Bb5 11. Nf4 Bxf1 12. Nxg6 Bxg2 13. Rg1 hxg6 14. Rxg2
Nbd7 15. c4 c6 16. Qb4 Nb6 17. Be3 a5 18. Qb3 Qc7 19. d5 Qe5 20. Rd1 Nbd7 21.
Bd4 Qf5 22. dxe6 Qxe6 23. Bxf6 Nxf6 24. Qxb7 Rc8 25. Rg5 Kf8 26. Rxa5 Re8 27.
Ra8 e3 28. Rxe8+ Nxe8 29. Qb4+ Kg8 30. Rd3 exf2+ 31. Kxf2 Qf5+ 32. Ke2 Nf6 33.
Kd2 Qg5+ 34. Kc3 Ne4+ 35. Kb2 Qf6+ 36. Ka2 c5 37. Qa5 Kg7 38. Qe1 Qe5 39. a4 f5
40. a5 g5 41. a6 Qe6 42. Qa1+ Kg6 43. a7 Qxc4+ 44. Kb1 Qb4+ 45. Qb2 Qe1+ 46.
Ka2 c4 47. Qb6+ Kh5 48. Rh3+ Kg4 49. a8=Q Kxh3 50. Qh6+ Kg4 51. h3+ Kf4 52.
Qb8+ Ke3 53. Qbb6+ Kf4 54. Qc7+ Ke3 55. Qe6 Kd2 56. Qd8+ Kxc2 57. Qxc4+ Nc3+
58. Ka3 Qa1+ 59. Kb4 Qa4+ 60. Kc5 Qa7+ 61. Kc6 Qe3 62. Qc7 f4 63. Kb7 Qxh3 64.
Qe2+ Kc1 65. Qee5 Kc2 66. Qcg7 Qe3 67. Qg6+ Kd2 68. Qexg5 Ne2 69. Qa5+ Qc3 70.
Qd6+ Ke3 71. Qe6+ Kf3 72. Qxe2+ Kxe2 73. Qxc3 f3 {1/2 - 1/2, 86.} 1/2-1/2

[Event "Guernsey Holiday"]
[Site "GCI"]
[Date "2005.10.16"]
[Round "1"]
[White "Brooker, Chris H"]
[Black "Rowe, Oliver"]
[Result "1-0"]
[WhiteElo "1700"]
[BlackElo "1530"]
[PlyCount "55"]
[EventDate "2005.10.16"]

1. f4 e6 2. e3 d5 3. Nf3 Nf6 4. b3 c5 5. Bb2 Be7 6. Ne5 O-O 7. Be2 Nc6 8. Nxc6
bxc6 9. O-O d4 10. Na3 Ne4 11. d3 Nd6 12. e4 f6 13. Qe1 e5 14. f5 a5 15. Nc4 a4
16. Nxd6 Bxd6 17. Qh4 Qa5 18. Bd1 a3 19. Bc1 c4 20. dxc4 Bb4 21. Be2 Bd2 22.
Bd3 Bxc1 23. Raxc1 c5 24. Qe1 Qc3 25. Qxc3 dxc3 26. Kf2 Rd8 27. Ke3 g5 28. fxg6
1-0

[Event "Guernsey Holiday"]
[Site "GCI"]
[Date "2005.10.16"]
[Round "1"]
[White "Collins, Alan"]
[Black "Biswas, Karl"]
[Result "0-1"]
[WhiteElo "1528"]
[BlackElo "1680"]
[PlyCount "64"]
[EventDate "2005.10.16"]

1. d4 e6 2. c4 b6 3. e3 Bb7 4. Nf3 f5 5. Be2 Nf6 6. Nc3 Bb4 7. O-O Bxc3 8. bxc3
Ne4 9. Bb2 O-O 10. d5 Qf6 11. Qb3 Na6 12. Rad1 Nac5 13. Qc2 e5 14. Nd2 Nxd2 15.
Rxd2 d6 16. f3 f4 17. e4 Qh4 18. Qd1 Rf6 19. Qe1 Qg5 20. g3 Rg6 21. Kg2 fxg3
22. hxg3 Rh6 23. Rh1 Rxh1 24. Kxh1 Rf8 25. Rc2 Qh6+ 26. Kg2 Bc8 27. Bc1 Qh3+
28. Kg1 Qh5 29. f4 Bg4 30. Bxg4 Qxg4 31. Re2 exf4 32. e5 f3 0-1

[Event "Guernsey Holiday"]
[Site "GCI"]
[Date "2005.10.16"]
[Round "1"]
[White "Kok, Franciscus"]
[Black "Collier, Michael J"]
[Result "1/2-1/2"]
[WhiteElo "1676"]
[BlackElo "1520"]
[PlyCount "55"]
[EventDate "2005.10.16"]

1. d4 d5 2. c4 e6 3. e3 Nf6 4. Nc3 Be7 5. Nf3 O-O 6. Bd3 Nbd7 7. O-O dxc4 8.
Bxc4 Nb6 9. Bb3 Bd7 10. h3 Bd6 11. e4 Be7 12. Ne5 Rc8 13. Be3 c5 14. dxc5 Bxc5
15. Bxc5 Rxc5 16. f4 Rc8 17. Ng4 Nxg4 18. Qxg4 Nc4 19. Bxc4 Rxc4 20. e5 Qb6+
21. Rf2 Rd4 22. Rd1 Rxd1+ 23. Qxd1 Bc6 24. Qc2 Rd8 25. Kh2 Qe3 26. Qe2 Qd4 27.
Qc2 Qe3 28. Qe2 1/2-1/2

[Event "Guernsey Holiday"]
[Site "GCI"]
[Date "2005.10.16"]
[Round "1"]
[White "Hearty, Ray"]
[Black "Forbes, Garry"]
[Result "1-0"]
[WhiteElo "1479"]
[BlackElo "1660"]
[PlyCount "53"]
[EventDate "2005.10.16"]

1. d4 g6 2. c3 Bg7 3. Nd2 d6 4. e3 Nf6 5. f4 O-O 6. Bd3 e5 7. Ngf3 Re8 8. fxe5
dxe5 9. Nxe5 Nfd7 10. Nxd7 Rxe3+ 11. Be2 Bxd7 12. O-O Bc6 13. Nf3 Re8 14. Bf4
b6 15. Nd2 Nd7 16. Bf3 Bxf3 17. Qxf3 f5 18. Rae1 Nf6 19. Rxe8+ Nxe8 20. Re1 Nf6
21. Qc6 Rc8 22. Re6 Nh5 23. Be5 Bxe5 24. Rxe5 Ng7 25. Nf3 Qf8 26. Ng5 Qd8 27.
Qc4+ 1-0

[Event "Guernsey Holiday"]
[Site "GCI"]
[Date "2005.10.16"]
[Round "1"]
[White "Haisma, Henk"]
[Black "Nalichowski, Bogdan"]
[Result "1-0"]
[WhiteElo "1654"]
[BlackElo "1480"]
[PlyCount "83"]
[EventDate "2005.10.16"]

1. b4 e5 2. Bb2 Nc6 3. b5 Nd4 4. e3 Ne6 5. Bxe5 d6 6. Bb2 Bd7 7. a4 Nf6 8. Nf3
Be7 9. Be2 O-O 10. O-O c6 11. c4 Qc7 12. d4 h6 13. Nc3 d5 14. cxd5 cxd5 15. Qb3
Rad8 16. Rfc1 Qb8 17. Nxd5 Nxd5 18. Qxd5 a6 19. Qb3 a5 20. Ba3 Bxa3 21. Qxa3 b6
22. Ne5 Ng5 23. Nc6 Bxc6 24. Rxc6 Rd5 25. Rac1 Re8 26. Qb2 Rf5 27. Bg4 Rxf2 28.
Qxf2 Ne6 29. Bxe6 fxe6 30. Rc7 Kh8 31. Qg3 Rg8 32. Rxg7 Qxg3 33. Rxg3 e5 34.
Rxg8+ Kxg8 35. dxe5 Kf7 36. Rc6 h5 37. Rxb6 Ke7 38. Rd6 h4 39. b6 h3 40. b7
hxg2 41. b8=Q Kf7 42. Qc7+ 1-0

[Event "Guernsey Holiday"]
[Site "GCI"]
[Date "2005.10.16"]
[Round "1"]
[White "Harnden, Terry"]
[Black "Bakkes, Frits"]
[Result "0-1"]
[WhiteElo "1505"]
[BlackElo "1639"]
[PlyCount "112"]
[EventDate "2005.10.16"]

1. e4 c5 2. Nf3 Nc6 3. d4 cxd4 4. Nxd4 e5 5. Nb3 Nf6 6. Nc3 Bb4 7. Bg5 Qb6 8.
Bxf6 gxf6 9. Bd3 d6 10. O-O Bxc3 11. bxc3 Rg8 12. Be2 Bh3 13. Bf3 Ke7 14. Kh1
Be6 15. Qd2 Rac8 16. Nc1 Rg6 17. Rg1 Rcg8 18. Qe3 Qxe3 19. fxe3 Na5 20. Be2 Bg4
21. Rb1 b6 22. Rb4 h5 23. Bxg4 Rxg4 24. Ne2 Nb7 25. Ng3 Nc5 26. Nf5+ Kd7 27.
Nh6 Nxe4 28. Nxg4 Rxg4 29. Rf1 Kc6 30. Kg1 Kc5 31. Rf5 a5 32. Rb3 b5 33. Rxh5
Kc4 34. Rh7 Nxc3 35. Rxf7 Nd5 36. Rd3 Kc5 37. Kf2 Rc4 38. c3 Nxc3 39. Rc7+ Kb4
40. Rxc4+ Kxc4 41. Rxc3+ Kxc3 42. h4 Kb2 43. h5 Kxa2 44. h6 b4 45. h7 b3 46.
h8=Q b2 47. Qg8+ Ka1 48. Qd8 b1=Q 49. Qxa5+ Qa2+ 50. Qxa2+ Kxa2 51. Ke2 e4 52.
Kd2 Kb3 53. g4 Kb2 54. Ke2 Kc2 55. Ke1 Kd3 56. Kf2 Kd2 0-1

[Event "Guernsey Holiday"]
[Site "GCI"]
[Date "2005.10.16"]
[Round "1"]
[White "Smith, Paul"]
[Black "Hale, Ronald"]
[Result "0-1"]
[WhiteElo "1616"]
[BlackElo "1424"]
[PlyCount "71"]
[EventDate "2005.10.16"]

1. d4 Nf6 2. c4 e6 3. Nc3 Bb4 4. Bd2 Bxc3 5. Bxc3 O-O 6. b3 b6 7. e3 Bb7 8. Nf3
Ne4 9. Bb4 d6 10. Qc2 c5 11. Ba3 f5 12. Be2 Nd7 13. O-O g5 14. Nd2 Nxd2 15.
Qxd2 Nf6 16. f3 Rf7 17. Bb2 cxd4 18. exd4 f4 19. Bd3 Rc8 20. Rad1 Rcc7 21. Rfe1
Qd7 22. a4 h5 23. a5 h4 24. axb6 axb6 25. Qb4 g4 26. fxg4 Nxg4 27. Bc1 f3 28.
gxf3 Bxf3 29. Be2 Bxe2 30. Rxe2 Rg7 31. Rg2 Rg6 32. Bf4 Qg7 33. Qxd6 Rd7 34.
Qb8+ Kh7 35. Rf1 h3 36. Rb2 0-1

[Event "Guernsey Holiday"]
[Site "GCI"]
[Date "2005.10.16"]
[Round "1"]
[White "Le Maitre, Richard"]
[Black "Foster, Paul"]
[Result "0-1"]
[WhiteElo "1420"]
[BlackElo "1608"]
[PlyCount "56"]
[EventDate "2005.10.16"]

1. d4 Nf6 2. c4 e6 3. Nc3 Bb4 4. Bd2 b6 5. e4 Bb7 6. e5 Bxc3 7. Bxc3 Ne4 8. Bb4
d6 9. Nf3 c5 10. dxc5 bxc5 11. Ba3 Qa5+ 12. Nd2 Nd7 13. Qc2 Qxd2+ 14. Qxd2 Nxd2
15. Kxd2 Nxe5 16. Kc3 a5 17. b3 Ke7 18. f4 Ng6 19. Bc1 Be4 20. Rg1 Rhb8 21. Bd3
Bxd3 22. Kxd3 a4 23. bxa4 Rxa4 24. Re1 Rbb4 25. Re4 f5 26. Re2 Rxc4 27. Rb2
Nxf4+ 28. Bxf4 Rxf4 0-1

[Event "Guernsey Holiday"]
[Site "GCI"]
[Date "2005.10.16"]
[Round "1"]
[White "Kearsley, Raymond J"]
[Black "Dokter, Marike"]
[Result "1-0"]
[WhiteElo "1608"]
[BlackElo "1416"]
[PlyCount "76"]
[EventDate "2005.10.16"]

1. e4 e5 2. Nf3 Nc6 3. Bb5 a6 4. Ba4 Nf6 5. d4 exd4 6. O-O d5 7. exd5 Nxd5 8.
Nxd4 Bd7 9. c4 Nxd4 10. Bxd7+ Qxd7 11. Qxd4 Nf6 12. Re1+ Kd8 13. Qe3 Kc8 14.
Nc3 Bd6 15. Qg5 Qg4 16. Ne4 Bb4 17. Qxg4+ Nxg4 18. Re2 f6 19. Bf4 Rd8 20. a3
Bf8 21. Nc3 a5 22. Nb5 c6 23. Nc7 Ra7 24. Ne6 Re8 25. Rae1 b6 26. Nxf8 Rxf8 27.
Re7 Rd7 28. Rxd7 Kxd7 29. Rd1+ Ke6 30. Bc7 g5 31. Bxb6 Rb8 32. c5 Ne5 33. b3 a4
34. bxa4 Nc4 35. a5 Nxa3 36. Rd6+ Kf5 37. Rxc6 Nc4 38. a6 Ke5 1-0

[Event "Guernsey Holiday"]
[Site "GCI"]
[Date "2005.10.16"]
[Round "1"]
[White "Newrick, William R"]
[Black "O'Connor, Jonathan"]
[Result "1-0"]
[WhiteElo "1400"]
[BlackElo "1605"]
[PlyCount "53"]
[EventDate "2005.10.16"]

1. d4 c5 2. c4 cxd4 3. Nf3 Qa5+ 4. Bd2 Qc5 5. b3 e5 6. e3 Nf6 7. b4 Qb6 8. c5
Bxc5 9. bxc5 Qb2 10. Nxe5 dxe3 11. Nxf7 exd2+ 12. Nxd2 O-O 13. Nd6 Qe5+ 14. Be2
Qxc5 15. Qb3+ Nd5 16. N2e4 Qa5+ 17. Kf1 Kh8 18. Bc4 Nf6 {(=)} 19. Nxf6 Rxf6 20.
Nf7+ Rxf7 21. Bxf7 Nc6 22. Re1 Ne5 23. f4 b6 24. Rxe5 Ba6+ 25. Kf2 Qd2+ 26. Kg3
h5 27. Rxh5# 1-0

[Event "Guernsey Holiday"]
[Site "GCI"]
[Date "2005.10.16"]
[Round "1"]
[White "Holcombe, Charles"]
[Black "Van Rooijen, Gerardus C"]
[Result "1-0"]
[WhiteElo "1368"]
[BlackElo "1560"]
[PlyCount "112"]
[EventDate "2005.10.16"]

1. Nf3 d6 2. e4 c5 3. Nc3 a6 4. d4 cxd4 5. Nxd4 Nc6 6. Be3 e6 7. Nb3 Nf6 8. Be2
Be7 9. f4 Qc7 10. O-O b5 11. Bf3 Bb7 12. Nd2 O-O 13. Qe2 Rac8 14. g4 Na5 15.
Rac1 Nc4 16. Nxc4 Qxc4 17. Qg2 b4 18. Be2 Qc6 19. Nd1 Nxe4 20. Bf3 d5 21. Bxe4
dxe4 22. c3 Bc5 23. cxb4 Bxe3+ 24. Nxe3 Qb6 25. Qd2 Rfd8 26. Qe2 Rd3 27. Rc3
Rcd8 28. Rf2 Rxc3 29. bxc3 Rd3 30. Nc4 Qd8 31. Qc2 Rd1+ 32. Rf1 Rxf1+ 33. Kxf1
Qd5 34. Ne3 Qb5+ 35. Kf2 g6 36. a3 Qd7 37. c4 Qd4 38. Ke2 Qa1 39. Qd2 Qxa3 40.
g5 Qd3+ 41. Qxd3 exd3+ 42. Kxd3 Kf8 43. Ng4 Ke7 44. c5 Bd5 45. Nf6 h5 46. h4
Bc6 47. Kd4 Bb5 48. Ke5 Bc6 49. Ng8+ Kd8 50. Nf6 Ke7 51. Ne4 Bxe4 52. Kxe4 f6
53. gxf6+ Kxf6 54. c6 Ke7 55. Ke5 Kd8 56. Kd6 Ke8 1-0

[Event "Guernsey Holiday"]
[Site "GCI"]
[Date "2005.10.16"]
[Round "1"]
[White "Muller, Anton"]
[Black "Herschmann, Heinz"]
[Result "1-0"]
[WhiteElo "1560"]
[BlackElo "1328"]
[PlyCount "65"]
[EventDate "2005.10.16"]

1. e4 c5 2. Nf3 d6 3. d4 cxd4 4. Nxd4 Nc6 5. Nc3 e5 6. Nb3 a6 7. Be3 Nf6 8. f3
Be7 9. Qd2 O-O 10. g4 Re8 11. O-O-O Be6 12. Nd5 Bf8 13. Bb6 Qc8 14. Nc7 Nd7 15.
Nxa8 Qxa8 16. Be3 g6 17. h4 f6 18. g5 Kf7 19. f4 Kg7 20. h5 Be7 21. hxg6 hxg6
22. Qh2 Rh8 23. Qg2 Rxh1 24. Qxh1 Qh8 25. Qg2 fxg5 26. fxe5 dxe5 27. Bxg5 Bxg5+
28. Qxg5 Qh6 29. Qxh6+ Kxh6 30. Rd6 Bg4 31. Kd2 Kg5 32. Bxa6 bxa6 33. Rxc6 1-0

[Event "Guernsey Holiday"]
[Site "GCI"]
[Date "2005.10.16"]
[Round "1"]
[White "Woodward, Pauline"]
[Black "Palmer, Eric"]
[Result "1/2-1/2"]
[WhiteElo "1296"]
[BlackElo "1555"]
[PlyCount "53"]
[EventDate "2005.10.16"]

1. e4 c5 2. c3 e5 3. Nf3 Nc6 4. d4 cxd4 5. cxd4 exd4 6. Nxd4 Nf6 7. Nc3 Bb4 8.
Nxc6 bxc6 9. Bd3 Bxc3+ 10. bxc3 O-O 11. O-O h6 12. Bb2 Re8 13. Re1 Rb8 14. Rb1
d6 15. c4 Bg4 16. Qc2 Nd7 17. Re3 Ne5 18. Rg3 Bh5 19. Bd4 Bg6 20. Bxa7 Rxb1+
21. Qxb1 Nxd3 22. Qxd3 Rxe4 23. Qc3 Qe7 24. Be3 Qe6 25. Bd2 Rxc4 26. Re3 Rxc3
27. Rxe6 1/2-1/2

[Event "Guernsey Holiday"]
[Site "GCI"]
[Date "2005.10.16"]
[Round "1"]
[White "Ince, Darren"]
[Black "Stoop, Michael"]
[Result "1-0"]
[WhiteElo "1552"]
[BlackElo "1208"]
[PlyCount "83"]
[EventDate "2005.10.16"]

1. d4 Nf6 2. Nf3 g6 3. Bg5 Bg7 4. Nbd2 O-O 5. e3 a6 6. c3 d6 7. Bd3 c5 8. O-O
Nbd7 9. Re1 Re8 10. a4 b6 11. Qb3 Bb7 12. e4 Qc7 13. Bc4 e6 14. Bxf6 Bxf6 15.
d5 exd5 16. Bxd5 Ne5 17. Nxe5 Bxe5 18. Bxb7 Qxb7 19. Nc4 Rab8 20. Rad1 Qc7 21.
Rd5 b5 22. Nxe5 Rxe5 23. axb5 axb5 24. Rxe5 dxe5 25. Rd1 c4 26. Qc2 Kf8 27. Rd5
f6 28. g3 Ke7 29. Kg2 Rd8 {(=)} 30. Rxb5 Qc6 31. Rd5 Rxd5 32. exd5 Qxd5+ 33. f3
Qd3 34. Qxd3 cxd3 35. Kf2 Ke6 36. Ke3 Kd5 37. Kxd3 f5 38. b4 e4+ 39. fxe4+
fxe4+ 40. Ke3 g5 41. b5 Kc5 42. c4 1-0

[Event "Guernsey Holiday"]
[Site "GCI"]
[Date "2005.10.16"]
[Round "1"]
[White "Brown, Jim"]
[Black "Kershaw, Graham J"]
[Result "0-1"]
[WhiteElo "1192"]
[BlackElo "1552"]
[PlyCount "82"]
[EventDate "2005.10.16"]

1. Nf3 b6 2. d4 Bb7 3. Nbd2 Nf6 4. e3 e6 5. Bd3 d5 6. b3 Nbd7 7. Bb2 Be7 8. a3
O-O 9. O-O c5 10. c3 Qc7 11. Rc1 Rac8 12. h3 Bd6 13. Re1 Rfe8 14. b4 e5 15. Bf5
e4 16. Ne5 Bxe5 17. dxe5 Qxe5 18. Bxd7 Nxd7 19. b5 Re6 20. Qg4 Rd8 21. Rb1 c4
22. Nf1 Nc5 23. Qg3 Qf6 24. Re2 Re5 25. Qh2 h5 26. h4 Bc8 27. Ng3 Qe7 28. Rf1
Rd6 29. f4 exf3 30. gxf3 Rxe3 31. Rxe3 Qxe3+ 32. Qf2 Qxf2+ 33. Rxf2 f6 34. Re2
Re6 35. Rd2 Nd3 36. Ne2 Kf7 37. Kg2 f5 38. Nd4 Re1 39. Nc2 Rb1 40. Ba1 Rxb5 41.
Re2 Nf4+ 0-1

[Event "Guernsey Holiday"]
[Site "GCI"]
[Date "2005.10.16"]
[Round "1"]
[White "Nalichowski, Seb"]
[Black "Cox, Reginald E"]
[Result "1-0"]
[WhiteElo "1550"]
[BlackElo "1120"]
[PlyCount "91"]
[EventDate "2005.10.16"]

1. e4 d6 2. d4 Nf6 3. Nc3 Nbd7 4. Bc4 e5 5. Nf3 h6 6. O-O Be7 7. Re1 O-O 8.
dxe5 dxe5 9. Nd5 c6 10. Nxe7+ Qxe7 11. Bd2 Nc5 12. Bb4 a5 13. Bc3 Bg4 14. Bxe5
Bxf3 15. Bxf6 Qxf6 16. Qxf3 Qxf3 17. gxf3 b5 18. Be2 Ne6 19. Rad1 Rad8 20. c3
Ng5 21. Kg2 Ne6 22. Kg3 f5 23. exf5 Rxf5 24. Rxd8+ Nxd8 25. c4 Rg5+ 26. Kh4 Kf8
27. f4 Rf5 28. Kg4 g6 29. Bd3 Rc5 30. cxb5 h5+ 31. Kh4 cxb5 32. Bxg6 Ne6 33.
Rxe6 Kg7 34. Bxh5 Rf5 35. Kg4 Rc5 36. Re2 Kf6 37. Be8 b4 38. a3 bxa3 39. bxa3
Rc3 40. a4 Rc5 41. h4 Kg7 42. Bb5 Rc1 43. Re7+ Kf6 44. Ra7 Rc5 45. Rxa5 Kg7 46.
Ra6 1-0

[Event "Guernsey Holiday"]
[Site "GCI"]
[Date "2005.10.17"]
[Round "2"]
[White "Carlucci, Paul A"]
[Black "Ince, Darren"]
[Result "1-0"]
[WhiteElo "1744"]
[BlackElo "1552"]
[PlyCount "74"]
[EventDate "2005.10.16"]

1. d4 d5 2. Nf3 Bg4 3. e3 Nf6 4. Be2 e6 5. O-O Nbd7 6. b3 Bd6 7. Bb2 c6 8. Nbd2
Qe7 9. a3 e5 10. h3 Bh5 11. dxe5 Nxe5 12. Nd4 Bg6 13. N2f3 Nxf3+ 14. Nxf3 Bh5
15. Re1 O-O 16. Nd4 Bxe2 17. Qxe2 Be5 18. f4 Bxd4 19. Bxd4 Ne4 20. Qg4 f5 21.
Qe2 a6 22. c4 Qe6 23. c5 Qe7 24. b4 Rfe8 25. Qb2 Qf8 26. a4 Re6 27. Rec1 Qe7
28. Rc2 Rg6 29. b5 axb5 30. axb5 Rxa1+ 31. Qxa1 cxb5 32. Qa8+ Kf7 33. Ra2 Ra6
34. Rxa6 bxa6 35. Qxd5+ Kg6 36. c6 Nf6 37. Qa2 Nh5 1-0

[Event "Guernsey Holiday"]
[Site "GCI"]
[Date "2005.10.17"]
[Round "2"]
[White "Kershaw, Graham J"]
[Black "Brooker, Chris H"]
[Result "0-1"]
[WhiteElo "1552"]
[BlackElo "1700"]
[PlyCount "46"]
[EventDate "2005.10.16"]

1. e4 d5 2. exd5 Qxd5 3. d4 Nf6 4. Nf3 Bg4 5. Be2 e6 6. Bf4 Bd6 7. c4 Qa5+ 8.
Bd2 Bb4 9. Nc3 c6 10. a3 Bxc3 11. Bxc3 Qc7 12. O-O O-O 13. d5 Nbd7 14. dxc6
Qxc6 15. Nd4 Bxe2 16. Nxc6 Bxd1 17. Ne7+ Kh8 18. Raxd1 Rfe8 19. Bb4 a5 20. Bd6
Ne4 21. c5 Nexc5 22. Bxc5 Nxc5 23. Rc1 Na6 0-1

[Event "Guernsey Holiday"]
[Site "GCI"]
[Date "2005.10.17"]
[Round "2"]
[White "Biswas, Karl"]
[Black "Nalichowski, Seb"]
[Result "1-0"]
[WhiteElo "1680"]
[BlackElo "1550"]
[PlyCount "129"]
[EventDate "2005.10.16"]

1. e4 e6 2. d4 d5 3. e5 c5 4. c3 Nc6 5. Nf3 Qb6 6. Bd3 cxd4 7. cxd4 Bd7 8. O-O
Nxd4 9. Nxd4 Qxd4 10. Nc3 Qb6 11. Rb1 a6 12. Bc2 Qc7 13. Bf4 Ne7 14. Qf3 Bc6
15. Rbc1 Qd8 16. Rfd1 Ng6 17. Bxg6 hxg6 18. Ne2 Qa5 19. Nd4 Bd7 20. Bg5 Be7 21.
Bxe7 Kxe7 22. Qg3 Rh5 23. a3 Rc8 24. Rxc8 Bxc8 25. b4 Qc7 26. f4 Bd7 27. Qe3
Rh8 28. Rc1 Qb8 29. Qg3 Rc8 30. Qh4+ Kf8 31. Rxc8+ Qxc8 32. Nb3 Kg8 33. Nc5 Bc6
34. Qe7 Qf8 35. Qc7 Qe8 36. Nb3 b6 37. Nd4 Ba4 38. Qxb6 Qc8 39. Qc5 Qxc5 40.
bxc5 Kf8 41. Kf2 Ke7 42. Ke3 Kd7 43. Kd3 Kc7 44. Kc3 Bd7 45. Kb4 Kb7 46. Ka5
Ka7 47. a4 Kb7 48. Kb4 Kc7 49. Ka5 Kb7 50. Kb4 Bc6 51. Ka5 Bd7 52. Kb4 Bc8 53.
Ka5 Kc7 54. c6 f6 55. h4 g5 56. hxg5 fxe5 57. fxe5 Kb8 58. Kb6 a5 59. Kxa5 Ka7
60. Nb5+ Ka8 61. Kb6 Kb8 62. a5 Ka8 63. a6 g6 64. g4 Kb8 65. a7+ 1-0

[Event "Guernsey Holiday"]
[Site "GCI"]
[Date "2005.10.17"]
[Round "2"]
[White "Hale, Ronald"]
[Black "Haisma, Henk"]
[Result "1/2-1/2"]
[WhiteElo "1424"]
[BlackElo "1654"]
[PlyCount "76"]
[EventDate "2005.10.16"]

1. d4 d5 2. e3 Nf6 3. Bd3 e6 4. f4 c5 5. c3 Nc6 6. Nd2 c4 7. Bc2 g6 8. Ngf3 Bg7
9. Ne5 Qc7 10. O-O O-O 11. Qf3 Ne7 12. g4 Ne8 13. g5 f6 14. gxf6 Bxf6 15. Ng4
Bg7 16. Qg3 Nd6 17. Nf3 Nef5 18. Bxf5 exf5 19. Nf2 Be6 20. Qh3 Rae8 21. Ng5 h6
22. Nxe6 Rxe6 23. Kh1 g5 24. fxg5 hxg5 25. Qg2 Ne4 26. Nxe4 dxe4 27. Qxg5 Rh6
28. Qf4 Qe7 29. Rg1 Rff6 30. Bd2 Kh8 31. Rg2 Rh3 32. Rag1 Bh6 33. Qb8+ Rf8 34.
Rg8+ Kh7 35. Rxf8 Bxf8 36. Qf4 Rf3 37. Qg5 Qxg5 38. Rxg5 Bh6 1/2-1/2

[Event "Guernsey Holiday"]
[Site "GCI"]
[Date "2005.10.17"]
[Round "2"]
[White "Bakkes, Frits"]
[Black "Hearty, Ray"]
[Result "1/2-1/2"]
[WhiteElo "1639"]
[BlackElo "1479"]
[PlyCount "134"]
[EventDate "2005.10.16"]

1. d4 d5 2. e4 c6 3. Nc3 dxe4 4. f3 exf3 5. Nxf3 Bg4 6. h3 Bh5 7. Bc4 e6 8. O-O
Be7 9. g4 Bg6 10. Ne5 Bf6 11. Be3 Bxe5 12. dxe5 Qxd1 13. Raxd1 Bxc2 14. Rd2 Bg6
15. h4 h5 16. Bg5 f6 17. exf6 Nxf6 18. Bxf6 gxf6 19. Rxf6 Bf7 20. Ne4 Ke7 21.
g5 Na6 22. Nd6 Rhf8 23. Nxb7 Nb4 24. Nc5 Nd5 25. Bxd5 cxd5 26. Re2 Bg8 27. Rh6
Rf4 28. Nxe6 Bxe6 29. Rexe6+ Kd7 30. Ref6 Rxf6 31. gxf6 Rf8 32. Rxh5 Ke6 33.
Rh6 Rc8 34. Rh7 Kxf6 35. Rxa7 Rc1+ 36. Kf2 Rc2+ 37. Ke3 Rxb2 38. Kf4 d4 39.
Ra6+ Kg7 40. a4 d3 41. Kg5 d2 42. Rd6 Kf8 43. Rd7 Ra2 44. Kf6 Kg8 45. Rg7+ Kf8
46. Rd7 Ke8 47. Rd3 Rxa4 48. h5 Ra7 49. Rxd2 Ra6+ 50. Kg7 Ra7+ 51. Kg8 Ke7 52.
Re2+ Kf6 53. Rg2 Ra8+ 54. Kh7 Ra7+ 55. Kh6 Ra8 56. Rf2+ Ke6 57. Kg7 Ra7+ 58.
Kg6 Ra3 59. Rf6+ Ke7 60. Kg7 Rg3+ 61. Rg6 Rf3 62. Kh7 Kf8 63. Rg8+ Ke7 64. h6
Rf8 65. Kh8 Rf7 66. Ra8 Rf8+ 67. Rxf8 Kxf8 1/2-1/2

[Event "Guernsey Holiday"]
[Site "GCI"]
[Date "2005.10.17"]
[Round "2"]
[White "Foster, Paul"]
[Black "Newrick, William R"]
[Result "1-0"]
[WhiteElo "1608"]
[BlackElo "1400"]
[PlyCount "33"]
[EventDate "2005.10.16"]

1. e4 d5 2. exd5 Nf6 3. d4 Nxd5 4. c4 Nf6 5. Nc3 e6 6. Nf3 Be7 7. h3 O-O 8. Be3
Nbd7 9. Bd3 c5 10. Qc2 cxd4 11. Bxd4 Nc5 12. Rd1 Nxd3+ 13. Rxd3 Qa5 14. O-O Nd7
15. a3 e5 16. b4 Qc7 17. Nd5 1-0